[Event "5th Pontevedra Open 2017"]
[Site "Pontevedra"]
[Date "2017.08.12"]
[Round "6"]
[White "Ambartsumova, Karina"]
[Black "Yuffa, Daniil"]
[Result "1/2-1/2"]
[WhiteElo "2325"]
[BlackElo "2515"]

[EventDate "2017.??.??"]
[PlyCount "42"]
[EventCountry "ESP"]

1. d4 Nf6 2. Nf3 d5 3. c4 c6 4. e3 a6 5. Qc2 Bg4 6. Ne5 Bh5 7. Nd2 e6 8.
Bd3 Nbd7 9. Nxd7 Qxd7 10. O-O Rc8 11. b3 c5 12. dxc5 Bxc5 13. Bb2 Bb4 14.
Nf3 Bxf3 15. gxf3 dxc4 16. bxc4 Qc6 17. Bxf6 gxf6 18. Be4 Qxc4 19. Qxc4
Rxc4 20. Bxb7 Rg8+ 21. Kh1 a5 1/2-1/2

[Event "5th Pontevedra Open 2017"]
[Site "Pontevedra"]
[Date "2017.08.12"]
[Round "6"]
[White "Garcia Trobat, Francisco"]
[Black "Erdogdu, Mert"]
[Result "1/2-1/2"]
[WhiteElo "2282"]
[BlackElo "2415"]

[EventDate "2017.??.??"]
[PlyCount "158"]
[EventCountry "ESP"]

1. d4 Nf6 2. Bf4 g6 3. Nc3 d5 4. e3 Bg7 5. h4 c6 6. Be2 h5 7. Qd2 Qb6 8.
Nf3 Qxb2 9. Rb1 Qa3 10. O-O O-O 11. Bc7 e6 12. Ng5 Qe7 13. Ba5 b6 14. Bb4
c5 15. dxc5 bxc5 16. Ba3 Nbd7 17. Na4 a5 18. c4 Ba6 19. Rfc1 dxc4 20. Bxc4
Bxc4 21. Rxc4 Ne5 22. Rc2 Rfd8 23. Qc3 Nfd7 24. Bxc5 Nxc5 25. Qxc5 Qxc5 26.
Nxc5 Ra7 27. Kf1 Rc8 28. Ncxe6 Re8 29. Nxg7 Kxg7 30. f3 Nd3 31. e4 Nb4 32.
Rd2 Rc8 33. Nh3 Rc3 34. Nf4 Ra3 35. Rbb2 Rc7 36. Ne2 Rc4 37. Rb3 Rxa2 38.
Rxa2 Nxa2 39. Ra3 Nc1 40. Rxa5 Nxe2 41. Kxe2 Rc2+ 42. Kf1 Kf6 43. Kg1 Rb2
44. Kh2 Rc2 45. Kg3 Rb2 46. Ra1 Ke5 47. Ra6 Rc2 48. Ra5+ Kf6 49. Rg5 Kg7
50. Rb5 Kf6 51. Kh3 Rc3 52. Rd5 Ra3 53. Kg3 Rb3 54. Kf4 Rb4 55. Rd6+ Kg7
56. Ra6 Rb2 57. g3 Rb3 58. Ra5 Rc3 59. Ra7 Rc4 60. Ra3 Rb4 61. Ra6 Rc4 62.
Ra5 Rb4 63. g4 hxg4 64. Kxg4 Rb1 65. h5 gxh5+ 66. Rxh5 f6 67. Rh3 Kg6 68.
Rg3 Kf7 69. f4 Ke6 70. Ra3 f5+ 71. exf5+ Kf6 72. Ra6+ Kf7 73. Rc6 Rg1+ 74.
Kf3 Rf1+ 75. Ke3 Re1+ 76. Kf2 Ra1 77. Ke3 Re1+ 78. Kd4 Rd1+ 79. Ke3 Re1+
1/2-1/2

[Event "5th Pontevedra Open 2017"]
[Site "Pontevedra"]
[Date "2017.08.12"]
[Round "6"]
[White "Padeiro, Jose"]
[Black "Espineira Gonzalez, Diego"]
[Result "0-1"]
[WhiteElo "2255"]
[BlackElo "2368"]

[EventDate "2017.??.??"]
[PlyCount "80"]
[EventCountry "ESP"]

1. d4 e6 2. c4 Nf6 3. Nf3 Bb4+ 4. Bd2 a5 5. g3 d6 6. Bg2 Nbd7 7. O-O e5 8.
Be3 exd4 9. Bxd4 O-O 10. Qc2 Re8 11. Nc3 c6 12. Rad1 Qe7 13. a3 Bc5 14. Rd2
Nb6 15. b3 Bxd4 16. Rxd4 d5 17. cxd5 Nbxd5 18. Nxd5 cxd5 19. e3 Qxa3 20.
Nd2 Be6 21. Nb1 Qd6 22. Nc3 Rac8 23. Qb2 Qc5 24. Rc1 Rc6 25. Ne2 Qb6 26.
Ra1 Rec8 27. Rd2 Ne4 28. Bxe4 dxe4 29. Nd4 Rc5 30. Qb1 g6 31. Qd1 h5 32.
Rda2 Rc3 33. Rb2 Bg4 34. Qf1 Qc5 35. h3 Bd7 36. Kh2 Rc1 37. Rxc1 Qxc1 38.
Qe2 Bxh3 39. Ra2 Bg4 40. Qd2 Qf1 0-1

[Event "5th Pontevedra Open 2017"]
[Site "Pontevedra"]
[Date "2017.08.12"]
[Round "7"]
[White "Burmakin, Vladimir"]
[Black "Strikovic, Aleksa"]
[Result "1/2-1/2"]
[BlackElo "2500"]
[WhiteElo "2520"]
[Termination "normal"]
[PlyCount "56"]



1. d4 d6 2. g3 g6 3. Bg2 Bg7 4. Nf3 Nf6 5. O-O O-O 6. Re1 Nbd7 7. e4 e5 8.
Nc3 c6 9. a4 a5 10. h3 Re8 11. Be3 exd4 12. Bxd4 Nb6 13. Rb1 c5 14. Bxf6
Bxf6 15. Nb5 Nxa4 16. c3 Nb6 17. Nxd6 Re6 18. e5 Be7 19. Nxc8 Rxc8 20. h4
Qxd1 21. Rbxd1 Rec6 22. Nh2 R6c7 23. Ng4 Kg7 24. Nf6 h5 25. Bf1 c4 26. Bh3
Ra8 27. Nd5 Nxd5 28. Rxd5 a4 1/2-1/2

[Event "5th Pontevedra Open 2017"]
[Site "Pontevedra"]
[Date "2017.08.12"]
[Round "7"]
[White "Yuffa, Daniil"]
[Black "Cabezas Ayala, Ivan"]
[Result "1-0"]
[BlackElo "2300"]
[WhiteElo "2515"]
[Termination "normal"]
[PlyCount "57"]



1. d4 Nf6 2. c4 g6 3. g3 Bg7 4. Bg2 O-O 5. Nc3 c5 6. d5 d6 7. Nf3 e6 8. O-O
exd5 9. cxd5 Re8 10. Bf4 a6 11. a4 Ne4 12. Ra3 Nd7 13. Nxe4 Rxe4 14. Nd2
Rb4 15. Bxd6 Qf6 16. Bc7 Qxb2 17. Re3 Rd4 18. Ba5 Qa2 19. Bc3 Rxa4 20. Re8+
Nf8 21. Qc1 Bh6 22. e3 f5 23. d6 Kf7 24. Re7+ Kg8 25. Ba1 Qxa1 26. Qxa1
Rxa1 27. Rxa1 Be6 28. Bxb7 Rd8 29. Rxa6 1-0

[Event "5th Pontevedra Open 2017"]
[Site "Pontevedra"]
[Date "2017.08.12"]
[Round "7"]
[White "Oratovsky, Michael"]
[Black "Garcia Trobat, Francisco"]
[Result "1-0"]
[BlackElo "2282"]
[WhiteElo "2494"]
[Termination "normal"]
[PlyCount "91"]



1. e4 c5 2. Nf3 d6 3. Bb5+ Bd7 4. Bxd7+ Nxd7 5. c4 Ngf6 6. Nc3 Ne5 7. Nxe5
dxe5 8. d3 e6 9. f4 Bd6 10. f5 exf5 11. exf5 h6 12. Qf3 Qd7 13. Be3 O-O-O
14. O-O-O Rhe8 15. Bf2 Qc6 16. Qxc6+ bxc6 17. Bh4 Be7 18. Bxf6 Bxf6 19.
Rhe1 Rd4 20. Ne4 Be7 21. Kc2 Kc7 22. Re3 f6 23. Rg3 Bf8 24. Re1 a5 25. Ree3
a4 26. Rg6 Rb8 27. h4 Kd8 28. g4 Rd7 29. Re2 Rdb7 30. Kc3 Rf7 31. Rf2 Be7
32. g5 hxg5 33. hxg5 Kc7 34. Rh2 Kb6 35. Rh7 Rg8 36. gxf6 Bxf6 37. Nxf6
Rxf6 38. Rhxg7 Rxg6 39. Rxg6 Rf8 40. Rg5 Kc7 41. Kd2 a3 42. bxa3 Ra8 43. f6
Kd6 44. f7 Rf8 45. Rf5 Ke6 46. Rf1 1-0

[Event "5th Pontevedra Open 2017"]
[Site "Pontevedra"]
[Date "2017.08.12"]
[Round "7"]
[White "Firat, Burak"]
[Black "Lillo Castany, Victor"]
[Result "1/2-1/2"]
[BlackElo "2382"]
[WhiteElo "2482"]
[Termination "normal"]
[PlyCount "41"]



1. c4 e6 2. Nf3 d5 3. d4 Nf6 4. g3 Bb4+ 5. Bd2 Bd6 6. Bg2 c6 7. Qc2 Nbd7 8.
O-O O-O 9. Rd1 Ne4 10. Ne1 f5 11. Nd3 g5 12. Bb4 Bxb4 13. Nxb4 Qb6 14. Qb3
c5 15. Nc2 cxd4 16. cxd5 e5 17. Nba3 Qf6 18. e3 Nec5 19. Qc4 d3 20. Nb4 e4
21. Nb5 1/2-1/2

[Event "5th Pontevedra Open 2017"]
[Site "Pontevedra"]
[Date "2017.08.12"]
[Round "7"]
[White "Huerga Leache, Mikel"]
[Black "Ambartsumova, Karina"]
[Result "1/2-1/2"]
[BlackElo "2325"]
[WhiteElo "2446"]
[Termination "normal"]
[PlyCount "108"]



1. d4 Nf6 2. Nf3 g6 3. g3 Bg7 4. Bg2 d6 5. O-O O-O 6. a4 a5 7. b3 e5 8.
dxe5 Nfd7 9. Bb2 dxe5 10. Nfd2 Na6 11. Nc4 Nb4 12. Nba3 Qe7 13. Qd2 f5 14.
c3 Nc6 15. Nb5 Nc5 16. Ba3 Rd8 17. Qe3 Bf8 18. Bxc5 Qxc5 19. Qxc5 Bxc5 20.
Nxc7 Ra7 21. Bd5+ Kg7 22. Be6 Kf6 23. Bxc8 Rxc8 24. Nd5+ Ke6 25. Rfd1 Ne7
26. Nxe7 Bxe7 27. e4 Rc5 28. f3 b5 29. axb5 Rxb5 30. Rd5 Rxb3 31. Raxa5
Rxa5 32. Rxa5 Rxc3 33. Ra6+ Kf7 34. Nxe5+ Kg7 35. exf5 gxf5 36. Kg2 Rc2+
37. Kh3 Rc7 38. Nd3 Rd7 39. Nf4 Bd6 40. Nh5+ Kf7 41. Rb6 Be5 42. Rh6 Kg8
43. f4 Rd6 44. Rxd6 Bxd6 45. Nf6+ Kh8 46. Kg2 Be7 47. Nd5 Bc5 48. Nc7 Kg8
49. Ne6 Bb6 50. Kf1 h6 51. g4 fxg4 52. Kg2 Kf7 53. h3 gxh3+ 54. Kxh3 Kxe6
1/2-1/2

[Event "5th Pontevedra Open 2017"]
[Site "Pontevedra"]
[Date "2017.08.12"]
[Round "7"]
[White "Portela Peleteiro, Alberto"]
[Black "Pap, Misa"]
[Result "0-1"]
[BlackElo "2491"]
[WhiteElo "2397"]
[Termination "normal"]
[PlyCount "156"]



1. e4 c5 2. Nf3 e6 3. d4 cxd4 4. Nxd4 Nc6 5. Nc3 Qb6 6. Nb3 Nf6 7. Bd3 d6
8. Be3 Qc7 9. f4 a6 10. Qf3 b5 11. O-O Bb7 12. g4 Nd7 13. g5 Nc5 14. Qh3 b4
15. Ne2 Qc8 16. g6 fxg6 17. Nxc5 dxc5 18. Bc4 Nd8 19. f5 Bxe4 20. fxe6 Be7
21. Rad1 Ra7 22. Rf7 Bf5 23. Rxf5 gxf5 24. Qxf5 g6 25. Qe5 Rf8 26. Nf4 Nc6
27. Qe4 Rf5 28. Rd5 Na5 29. Bd3 Qc6 30. Rxf5 Qxe4 31. Bxe4 gxf5 32. Bxf5
Nc4 33. Bf2 Bg5 34. Nd5 Rg7 35. Kf1 Nd6 36. Bg4 Ne4 37. Bh5+ Kd8 38. Bg1
Be7 39. Be3 Nf6 40. Nxf6 Bxf6 41. Bxc5 Rg5 42. Bb6+ Ke7 43. Be2 Kxe6 44.
Bxa6 Bxb2 45. Bc4+ Kd6 46. Be3 Rh5 47. Kg2 Be5 48. h3 Rf5 49. Bd3 Rf7 50.
Bc1 Rg7+ 51. Kf2 Ra7 52. Kf3 h5 53. Ke4 Rxa2 54. Kf5 Ra5 55. Kg6 h4 56. Bg5
Bg3 57. Bd2 Kc5 58. Be3+ Kc6 59. Bd2 Ra4 60. Kf5 Kd5 61. Bb5 Ra5 62. Be8
Kd4+ 63. Kg4 Ra8 64. Bf7 Rb8 65. Bb3 Ke4 66. Bc4 Rb7 67. Bh6 Be1 68. Bg5
Rg7 69. Kh5 Rh7+ 70. Kg4 Kd4 71. Bb3 Ke5 72. Bc4 Rg7 73. Kh5 Rc7 74. Bd3
Rc3 75. Bh6 Rxd3 76. cxd3 Kd4 77. Bc1 Kxd3 78. Kg4 Kc2 0-1

[Event "5th Pontevedra Open 2017"]
[Site "Pontevedra"]
[Date "2017.08.12"]
[Round "7"]
[White "Konguvel, Ponnuswamy"]
[Black "Lazarev, Vladimir"]
[Result "1/2-1/2"]
[BlackElo "2418"]
[WhiteElo "2383"]
[Termination "normal"]
[PlyCount "48"]



1. e4 c5 2. Nf3 e6 3. d4 cxd4 4. Nxd4 a6 5. c4 Nf6 6. Nc3 Bb4 7. Qd3 O-O 8.
e5 Ne8 9. Be2 Qc7 10. f4 f6 11. exf6 Nxf6 12. O-O Nc6 13. Nc2 Bc5+ 14. Kh1
Nb4 15. Nxb4 Bxb4 16. a3 Be7 17. b4 b6 18. Be3 Bb7 19. Bd4 a5 20. Nb5 Qd8
21. Qe3 axb4 22. Bxb6 Qc8 23. a4 Be4 24. a5 Qc6 1/2-1/2

[Event "5th Pontevedra Open 2017"]
[Site "Pontevedra"]
[Date "2017.08.12"]
[Round "7"]
[White "Espineira Gonzalez, Diego"]
[Black "Petkov, Vladimir"]
[Result "1-0"]
[BlackElo "2498"]
[WhiteElo "2368"]
[Termination "normal"]
[PlyCount "71"]



1. e4 c5 2. Nf3 d6 3. d4 cxd4 4. Nxd4 Nf6 5. Nc3 a6 6. f3 e5 7. Nb3 Be6 8.
Be3 Nbd7 9. Qd2 h5 10. Nd5 Bxd5 11. exd5 g6 12. Be2 Bg7 13. O-O O-O 14. Na5
Qc7 15. c4 b6 16. Nc6 Nb8 17. Nxb8 Raxb8 18. Rac1 a5 19. a3 Nd7 20. Bd1 f5
21. b4 axb4 22. axb4 Ra8 23. c5 bxc5 24. bxc5 Nxc5 25. Bxc5 dxc5 26. d6 Qa7
27. Qd5+ Kh7 28. Be2 Rfd8 29. Rb1 Rab8 30. Bc4 Rb4 31. Ra1 Qb7 32. Qe6 e4
33. Ra6 exf3 34. gxf3 Rb2 35. d7 Qxd7 36. Qxg6+ 1-0

[Event "5th Pontevedra Open 2017"]
[Site "Pontevedra"]
[Date "2017.08.13"]
[Round "8"]
[White "Burmakin, Vladimir"]
[Black "Yuffa, Daniil"]
[Result "0-1"]
[WhiteElo "2520"]
[BlackElo "2515"]
[Annotator "TA"]
[EventDate "2017.??.??"]
[PlyCount "92"]
[EventCountry "ESP"]

1. d4 Nf6 2. Nf3 e6 3. g3 b5 4. e3 c5 5. Nbd2 cxd4 6. exd4 a6 7. Bg2 Bb7 8.
O-O Be7 9. c3 O-O 10. a4 d6 11. Ne1 Bxg2 12. Kxg2 Nbd7 13. Qf3 Nb6 14. axb5
axb5 15. Rxa8 Qxa8 16. Qxa8 Rxa8 17. Nd3 Nfd5 18. Kf3 f5 19. Ke2 g5 20. Nb3
Nc4 21. Nd2 Kf7 22. Kd1 h5 23. Rg1 Bf6 24. Re1 Rc8 25. Nf3 g4 26. Ng5+ Bxg5
27. Bxg5 Nxb2+ 28. Nxb2 Nxc3+ 29. Kd2 Ne4+ 30. Rxe4 fxe4 31. Kd1 e5 32.
dxe5 d5 33. Bd2 Ke6 34. Bb4 Kxe5 35. Kd2 d4 36. Ba5 Kd5 37. Bb4 Rh8 38. Be7
Rh7 39. Bg5 Ra7 40. Kc2 Ra3 41. Nd1 Ra1 42. Bc1 b4 43. Bb2 b3+ 44. Kd2 Ra7
45. Ke2 h4 46. Kd2 h3 0-1

[Event "5th Pontevedra Open 2017"]
[Site "Pontevedra"]
[Date "2017.08.13"]
[Round "8"]
[White "Strikovic, Aleksa"]
[Black "Huerga Leache, Mikel"]
[Result "1-0"]
[WhiteElo "2500"]
[BlackElo "2446"]
[Annotator "TA"]
[EventDate "2017.??.??"]
[PlyCount "180"]
[EventCountry "ESP"]

1. c4 e5 2. g3 Nf6 3. Bg2 c6 4. Nf3 e4 5. Nd4 d5 6. cxd5 Qxd5 7. Nb3 Qe5 8.
Nc3 Be7 9. d4 exd3 10. Qxd3 O-O 11. Bf4 Qh5 12. h3 Na6 13. g4 Qg6 14. Qxg6
hxg6 15. O-O-O Nb4 16. Bd6 Bxd6 17. Rxd6 Be6 18. Nc5 Nxa2+ 19. Nxa2 Bxa2
20. b3 b6 21. Kb2 bxc5 22. Kxa2 Rad8 23. Rhd1 Nd5 24. Rxd8 Rxd8 25. Ka3 Re8
26. e3 Re5 27. Kb2 Kf8 28. Ra1 Nb4 29. Kc3 a6 30. Bf1 f5 31. Bxa6 f4 32.
exf4 Re4 33. Bc4 Rxf4 34. Ra8+ Ke7 35. Ra7+ Kf8 36. Kd2 Rxf2+ 37. Ke3 Rh2
38. Rf7+ Ke8 39. Rxg7 Nd5+ 40. Ke4 Rxh3 41. Ke5 Rh6 42. g5 Rh5 43. Rxg6 Ne7
44. Rg7 Rh4 45. Be6 Rh1 46. Kd6 Rd1+ 47. Kxc5 Rg1 48. Kd6 Rd1+ 49. Kc7 Re1
50. Bc4 Rd1 51. g6 Rg1 52. Rh7 Nxg6 53. Rg7 Kf8 54. Rg8+ Ke7 55. Bd3 Rg3
56. Bc2 Rc3 57. Rxg6 Rxc2 58. Rxc6 Rb2 59. Rc3 Ke6 60. Kc6 Ke7 61. Rd3 Rc2+
62. Kb6 Rc8 63. Ka7 Rc7+ 64. Ka6 Rc6+ 65. Kb7 Rc5 66. Kb6 Rc8 67. b4 Rb8+
68. Ka5 Ra8+ 69. Kb5 Rb8+ 70. Kc4 Rc8+ 71. Kb3 Rb8 72. Rd4 Ke6 73. Kc4 Rc8+
74. Kb5 Ke5 75. Rd7 Ke6 76. Rb7 Kd5 77. Kb6 Rc6+ 78. Ka5 Rc8 79. b5 Kc4 80.
Ka6 Kc5 81. Rh7 Kd6 82. b6 Ra8+ 83. Kb7 Ra4 84. Kb8 Kc6 85. b7 Rf4 86. Rh6+
Kb5 87. Rh1 Kb6 88. Rb1+ Kc6 89. Ra1 Rf7 90. Ka8 Kd5 1-0

[Event "5th Pontevedra Open 2017"]
[Site "Pontevedra"]
[Date "2017.08.13"]
[Round "8"]
[White "Petkov, Vladimir"]
[Black "Cabezas Ayala, Ivan"]
[Result "1-0"]
[WhiteElo "2498"]
[BlackElo "2300"]
[Annotator "TA"]
[EventDate "2017.??.??"]
[PlyCount "45"]
[EventCountry "ESP"]

1. d4 Nf6 2. c4 g6 3. Nc3 Bg7 4. e4 d6 5. Nf3 O-O 6. h3 e5 7. d5 a5 8. Be3
Na6 9. g4 Nd7 10. Rg1 Ndc5 11. h4 c6 12. h5 cxd5 13. cxd5 a4 14. Rc1 Bd7
15. Nd2 Qb8 16. Nb5 Rc8 17. a3 b6 18. Rc3 Rd8 19. Rh1 Be8 20. Qf3 Nc7 21.
hxg6 hxg6 22. Nxc7 Qxc7 23. Bg5 1-0

[Event "5th Pontevedra Open 2017"]
[Site "Pontevedra"]
[Date "2017.08.13"]
[Round "8"]
[White "Pap, Misa"]
[Black "Espineira Gonzalez, Diego"]
[Result "1/2-1/2"]
[WhiteElo "2491"]
[BlackElo "2368"]
[Annotator "TA"]
[EventDate "2017.??.??"]
[PlyCount "118"]
[EventCountry "ESP"]

1. e4 e6 2. d4 d5 3. Nd2 Nf6 4. e5 Nfd7 5. f4 c5 6. c3 Nc6 7. Ndf3 Qb6 8.
a3 cxd4 9. cxd4 Na5 10. Ne2 Qb3 11. Qd2 Nc4 12. Qc3 Qxc3+ 13. Nxc3 a6 14.
f5 Ndb6 15. fxe6 Bxe6 16. Bd3 Be7 17. b3 Na5 18. Rb1 f6 19. Ne2 O-O 20. Nf4
Bg4 21. O-O Nc6 22. Bb2 Bxf3 23. Rxf3 fxe5 24. dxe5 Rae8 25. e6 Bg5 26. Rg3
Rxf4 27. Rxg5 d4 28. Rf5 Rxf5 29. Bxf5 g6 30. Bh3 Nd5 31. g3 Ne3 32. Re1 g5
33. Bg2 Nxg2 34. Kxg2 Kg7 35. Re4 Kf6 36. Bxd4+ Kf5 37. Kf3 Nxd4+ 38. Rxd4
Rxe6 39. Rd5+ Kg6 40. Rd7 Rb6 41. b4 a5 42. Rd4 Rc6 43. Ke4 axb4 44. axb4
Rc2 45. h3 Re2+ 46. Kf3 Rb2 47. Rd6+ Kf5 48. g4+ Ke5 49. Rb6 Rb3+ 50. Kg2
Rb2+ 51. Kf1 Rb3 52. Rxb7 Rxh3 53. Rf7 h5 54. b5 hxg4 55. b6 Rb3 56. b7 Kd6
57. Kg2 Kc6 58. Rg7 Rxb7 59. Rxb7 Kxb7 1/2-1/2

[Event "5th Pontevedra Open 2017"]
[Site "Pontevedra"]
[Date "2017.08.13"]
[Round "8"]
[White "Lazarev, Vladimir"]
[Black "Safranska, Anda"]
[Result "1-0"]
[WhiteElo "2418"]
[BlackElo "2224"]
[Annotator "TA"]
[EventDate "2017.??.??"]
[PlyCount "53"]
[EventCountry "ESP"]

1. d4 Nf6 2. c4 d6 3. Nf3 Nbd7 4. Nc3 e5 5. e4 Be7 6. Be2 O-O 7. O-O c6 8.
Qc2 Re8 9. Rd1 Bf8 10. Be3 g6 11. Rac1 exd4 12. Nxd4 a5 13. b3 Nc5 14. Nxc6
bxc6 15. Bxc5 Qc7 16. Bd4 Ng4 17. Qd2 f5 18. f3 Ne5 19. f4 Nf7 20. exf5
Bxf5 21. Bf3 Qd7 22. h3 h5 23. Na4 Ra6 24. Re1 Nh6 25. Rxe8 Qxe8 26. Bc3
Qd8 27. Bxc6 1-0

[Event "5th Pontevedra Open 2017"]
[Site "Pontevedra"]
[Date "2017.08.13"]
[Round "8"]
[White "Lillo Castany, Victor"]
[Black "Oratovsky, Michael"]
[Result "1/2-1/2"]
[WhiteElo "2382"]
[BlackElo "2494"]
[Annotator "TA"]
[EventDate "2017.??.??"]
[PlyCount "52"]
[EventCountry "ESP"]

1. e4 c5 2. Nf3 e6 3. d4 cxd4 4. Nxd4 a6 5. Nc3 b5 6. a3 Bb7 7. g3 Ne7 8.
Bg2 Nbc6 9. Nb3 d6 10. O-O Nc8 11. a4 b4 12. Ne2 Be7 13. a5 O-O 14. c3 Rb8
15. Bd2 Bf6 16. Ned4 N8a7 17. Qe2 d5 18. Rfd1 Nxd4 19. cxd4 dxe4 20. Bf4
Rc8 21. Nc5 Bd5 22. Qxa6 Nc6 23. Nxe4 Bxd4 24. Qd3 e5 25. Bxe5 Bxe5 26.
Qxd5 Bxb2 1/2-1/2

[Event "5th Pontevedra Open 2017"]
[Site "Pontevedra"]
[Date "2017.08.13"]
[Round "8"]
[White "Ambartsumova, Karina"]
[Black "Firat, Burak"]
[Result "1/2-1/2"]
[WhiteElo "2325"]
[BlackElo "2482"]
[Annotator "TA"]
[EventDate "2017.??.??"]
[PlyCount "49"]
[EventCountry "ESP"]

1. e4 c5 2. Nf3 d6 3. d4 cxd4 4. Nxd4 Nf6 5. Nc3 g6 6. Be3 Bg7 7. f3 a6 8.
Qd2 b5 9. O-O-O Bb7 10. g4 h5 11. g5 Nfd7 12. f4 Qa5 13. Kb1 Nc5 14. Bg2
Na4 15. Nd5 Qxd2 16. Rxd2 Bxd5 17. exd5 Nd7 18. Re1 Ndb6 19. c3 Nc4 20.
Rde2 b4 21. Bc1 Kf8 22. Rxe7 bxc3 23. b3 Bxd4 24. bxc4 Nc5 25. Kc2 1/2-1/2

[Event "5th Pontevedra Open 2017"]
[Site "Pontevedra"]
[Date "2017.08.13"]
[Round "8"]
[White "Lorenzo Duran, Marcos"]
[Black "Erdogdu, Mert"]
[Result "1-0"]
[WhiteElo "2172"]
[BlackElo "2423"]
[Annotator "TA"]
[EventDate "2017.??.??"]
[PlyCount "93"]
[EventCountry "ESP"]

1. Nf3 Nf6 2. c4 g6 3. Nc3 Bg7 4. e4 d6 5. d4 O-O 6. Be2 e5 7. d5 a5 8. Be3
Ng4 9. Bg5 f6 10. Bh4 Nh6 11. Nd2 Na6 12. a3 g5 13. Bg3 f5 14. exf5 Nxf5
15. Nde4 Bd7 16. O-O Qe7 17. b4 Nd4 18. Rb1 axb4 19. axb4 Nxe2+ 20. Qxe2 g4
21. Rfd1 h5 22. h4 gxh3 23. Qxh5 Rf5 24. Qg6 Rff8 25. Qh5 hxg2 26. Kxg2 Bf5
27. f3 Nb8 28. Bh4 Qf7 29. Qxf7+ Rxf7 30. Ra1 Rxa1 31. Rxa1 Na6 32. b5 Nc5
33. Ra8+ Bf8 34. Nxc5 dxc5 35. Ne4 Bxe4 36. fxe4 Kg7 37. Bg3 Bd6 38. Re8
Kf6 39. b6 Rg7 40. Kf3 Kf7 41. Re6 Rg5 42. Bh4 Rh5 43. Kg4 Rh7 44. bxc7
Bxc7 45. Re7+ Kg6 46. Rxh7 Kxh7 47. Kf5 1-0

[Event "5th Pontevedra Open 2017"]
[Site "Pontevedra"]
[Date "2017.08.14"]
[Round "9"]
[White "Yuffa, Daniil"]
[Black "Strikovic, Aleksa"]
[Result "1/2-1/2"]
[WhiteElo "2515"]
[BlackElo "2500"]
[Annotator "TA"]
[EventDate "2017.??.??"]
[PlyCount "41"]
[EventCountry "ESP"]

1. d4 d6 2. Nf3 g6 3. c4 Bg7 4. e4 e5 5. Nc3 exd4 6. Nxd4 Nc6 7. Be3 Nge7
8. Nxc6 Nxc6 9. Qd2 O-O 10. Bd3 Ne5 11. Be2 Be6 12. b3 f5 13. exf5 Bxf5 14.
O-O c6 15. f4 Nf7 16. Bd4 h5 17. Rad1 Re8 18. Bxg7 Kxg7 19. Qd4+ Qf6 20.
Qxf6+ Kxf6 21. Kf2 1/2-1/2

[Event "5th Pontevedra Open 2017"]
[Site "Pontevedra"]
[Date "2017.08.14"]
[Round "9"]
[White "Oratovsky, Michael"]
[Black "Lorenzo Duran, Marcos"]
[Result "1-0"]
[WhiteElo "2494"]
[BlackElo "2172"]
[Annotator "TA"]
[EventDate "2017.??.??"]
[PlyCount "47"]
[EventCountry "ESP"]

1. e4 e5 2. Nf3 Nc6 3. Bc4 Nf6 4. d3 Be7 5. O-O O-O 6. Bb3 d6 7. c3 Na5 8.
Bc2 c5 9. Nbd2 Nc6 10. h3 Re8 11. Re1 Bf8 12. a3 d5 13. exd5 Nxd5 14. Nc4
f6 15. d4 cxd4 16. cxd4 exd4 17. Rxe8 Qxe8 18. Nxd4 Nxd4 19. Qxd4 Be6 20.
Bd2 Qh5 21. Re1 Bf7 22. Be4 Rc8 23. Bf3 Bc5 24. Bxh5 1-0

[Event "5th Pontevedra Open 2017"]
[Site "Pontevedra"]
[Date "2017.08.14"]
[Round "9"]
[White "Firat, Burak"]
[Black "Silva, Luis Neves Da"]
[Result "0-1"]
[WhiteElo "2482"]
[BlackElo "2354"]
[Annotator "TA"]
[EventDate "2017.??.??"]
[PlyCount "90"]
[EventCountry "ESP"]

1. c4 c5 2. g3 g6 3. Bg2 Bg7 4. Nc3 Nc6 5. Nf3 e5 6. Rb1 Nge7 7. a3 a5 8.
d3 O-O 9. O-O d6 10. Ne1 Be6 11. Nc2 d5 12. cxd5 Nxd5 13. Ne3 Nde7 14. Nc4
Rb8 15. Nb5 Qd7 16. a4 b6 17. b3 Nd4 18. Bd2 Nd5 19. Nbd6 Rfd8 20. e3 Nc6
21. Qe2 Ndb4 22. Rfd1 Bg4 23. f3 Be6 24. Be1 h5 25. f4 exf4 26. gxf4 Qe7
27. f5 Bxc4 28. Nxc4 Nd4 29. Qf2 Nxf5 30. Be4 Nd6 31. Bxb4 axb4 32. Qf3
Nxc4 33. bxc4 Qf6 34. Qe2 Rd6 35. Kh1 Qh4 36. Rf1 Rf6 37. Bd5 Re8 38. Qg2
Re5 39. Rxf6 Qxf6 40. d4 Rf5 41. dxc5 bxc5 42. a5 b3 43. e4 Rf2 44. Qh3 b2
45. e5 Qf4 0-1

[Event "5th Pontevedra Open 2017"]
[Site "Pontevedra"]
[Date "2017.08.14"]
[Round "9"]
[White "Lillo Castany, Victor"]
[Black "Petkov, Vladimir"]
[Result "0-1"]
[WhiteElo "2382"]
[BlackElo "2498"]
[Annotator "TA"]
[EventDate "2017.??.??"]
[PlyCount "44"]
[EventCountry "ESP"]

1. e4 c5 2. Nf3 d6 3. d4 cxd4 4. Nxd4 Nf6 5. Nc3 a6 6. g3 g6 7. Bg2 Bg7 8.
O-O O-O 9. a4 Bd7 10. h3 Nc6 11. Nde2 Re8 12. Be3 Qc8 13. Kh2 Ne5 14. b3
Nfg4+ 15. hxg4 Nxg4+ 16. Kh1 Nxe3 17. fxe3 Bxc3 18. Nxc3 Qxc3 19. e5 Bc6
20. Bd5 Qxe5 21. Bxc6 bxc6 22. Qf3 Qd5 0-1